000 00919cam a22003013a 4500
001 6534
003 PGUSA
005 20140828083134.0
008 040901s2004||||xxu|||||s|||||000 1 eng d
040 _aPGUSA
_beng
042 _adc
050 4 _aPR
100 1 _aStoker, Bram,
_d1847-1912
245 1 0 _aDracula
_h[electronic resource] /
_cBram Stoker
260 _bProject Gutenberg,
_c2004
506 _aCopyrighted. Read the copyright notice inside this book for details.
516 _aElectronic text
653 _aHorror tales
653 _aVampires -- Fiction
653 _aGothic fiction (Literary genre)
653 _aDracula, Count (Fictitious character) -- Fiction
653 _aEpistolary fiction
653 _aWhitby (England) -- Fiction
653 _aTransylvania (Romania) -- Fiction
830 0 _aProject Gutenberg
_v6534
856 4 0 _uhttp://www.gutenberg.org/ebooks/6534
942 _cAB
999 _c235857
_d235857